000 00426nam a2200145Ia 4500
008 230917s9999||||xx |||||||||||||| ||und||
040 _e47710
_aMAIN
041 _aEnglish
082 _a843.09 H224C
100 _aHaryeaves, Alec G
245 4 _aThe colonial experience in Fench fiction: a study of pierre loti, Ernest Psichari and Pierre Mille
260 _aLondon
_bMacmillan
_c1981
300 _aix, 193 p.
942 _cBK
999 _c225299
_d225299